[Event "Sachsen-Anhalt Landesliga-B 1920"]
[Site "Sachsen Anhalt"]
[Date "2020.09.20"]
[Round "8.2"]
[White "Horvat, Lars"]
[Black "Mikolajewski, Armin"]
[Result "0-1"]
[WhiteElo "1775"]
[BlackElo "1889"]
[PlyCount "44"]
[EventDate "2019.09.29"]
[EventType "team-tourn"]
[EventRounds "9"]
[EventCountry "GER"]
[SourceTitle "EXT 2023"]
[Source "ChessBase"]
[SourceDate "2022.10.05"]
[SourceVersion "1"]
[SourceVersionDate "2022.10.05"]
[SourceQuality "1"]
[WhiteTeam "Anhalt"]
[BlackTeam "Naumburg II"]
[WhiteTeamCountry "GER"]
[BlackTeamCountry "GER"]

1. e4 e5 2. Nf3 Nc6 3. d4 exd4 4. Nxd4 Nf6 5. Nxc6 bxc6 6. e5 Nd5 7. Bd3 g6 8. 0-0 Bg7 9. f4 0-0 10. Nd2 Ne3 11. Qf3 Nxf1 12. Bxf1 d6 13. Qxc6 Bd7 14. Qd5 Be6 15. Qe4 Bf5 16. Qe2 dxe5 17. fxe5 Qd4+ 18. Kh1 Qxe5 19. Qf2 Qd4 20. Qxd4 Bxd4 21. Nf3 Bf6 22. c3 Rab8 0-1

[Event "WchT Seniors 50"]
[Site "Prague"]
[Date "2020.03.10"]
[Round "5.16"]
[White "Pilar, Miloslav"]
[Black "Mikolajewski, Armin"]
[Result "1/2-1/2"]
[WhiteElo "2056"]
[BlackElo "1993"]
[PlyCount "24"]
[EventDate "2020.03.06"]
[EventType "team-swiss"]
[EventRounds "7"]
[EventCountry "CZE"]
[SourceTitle "CBM 195 Extra"]
[Source "ChessBase"]
[SourceDate "2020.05.31"]
[SourceVersion "1"]
[SourceVersionDate "2020.05.31"]
[SourceQuality "1"]
[WhiteTeam "Czech Republic 50 VII"]
[BlackTeam "Germany 50 VIII"]
[WhiteTeamCountry "CZE"]
[BlackTeamCountry "GER"]

1. d4 Nf6 2. c4 e6 3. Nf3 Bb4+ 4. Bd2 Qe7 5. g3 b6 6. Bg2 Bb7 7. 0-0 Bxd2 8. Qxd2 d6 9. Nc3 Ne4 10. Qc2 Nxc3 11. Qxc3 Nd7 12. Nd2 Bxg2 1/2-1/2

[Event "WchT Seniors 50"]
[Site "Prague"]
[Date "2020.03.09"]
[Round "4.20"]
[White "Mikolajewski, Armin"]
[Black "Hermansen, Henning W"]
[Result "1-0"]
[WhiteElo "1993"]
[BlackElo "1921"]
[PlyCount "61"]
[EventDate "2020.03.06"]
[EventType "team-swiss"]
[EventRounds "7"]
[EventCountry "CZE"]
[SourceTitle "CBM 195 Extra"]
[Source "ChessBase"]
[SourceDate "2020.05.31"]
[SourceVersion "1"]
[SourceVersionDate "2020.05.31"]
[SourceQuality "1"]
[WhiteTeam "Germany 50 VIII"]
[BlackTeam "Norway 50"]
[WhiteTeamCountry "GER"]
[BlackTeamCountry "NOR"]

1. d4 d5 2. Nf3 Nf6 3. c4 e6 4. Nc3 Be7 5. Bg5 0-0 6. e3 h6 7. Bh4 Ne4 8. Bxe7 Qxe7 9. Qc2 Nxc3 10. Qxc3 c6 11. Rc1 Nd7 12. Bd3 Re8 13. 0-0 a5 14. Bb1 dxc4 15. Qxc4 e5 16. Qc2 g6 17. a3 exd4 18. Ba2 Kg7 19. exd4 Qd6 20. Rce1 Rxe1 21. Rxe1 Nf6 22. Qc5 Qxc5 23. dxc5 Nd5 24. Bxd5 cxd5 25. Re7 Rb8 26. Nd4 Kf6 27. Re8 h5 28. f3 b6 29. c6 Ra8 30. c7 g5 31. Nb5 1-0

[Event "WchT Seniors 50"]
[Site "Prague"]
[Date "2020.03.07"]
[Round "2.18"]
[White "Kundt, Guenther"]
[Black "Mikolajewski, Armin"]
[Result "1/2-1/2"]
[WhiteElo "1747"]
[BlackElo "1993"]
[PlyCount "43"]
[EventDate "2020.03.06"]
[EventType "team-swiss"]
[EventRounds "7"]
[EventCountry "CZE"]
[SourceTitle "CBM 195 Extra"]
[Source "ChessBase"]
[SourceDate "2020.05.31"]
[SourceVersion "1"]
[SourceVersionDate "2020.05.31"]
[SourceQuality "1"]
[WhiteTeam "Germany 50 XI"]
[BlackTeam "Germany 50 VIII"]
[WhiteTeamCountry "GER"]
[BlackTeamCountry "GER"]

1. d4 Nf6 2. c4 e6 3. a3 d5 4. cxd5 exd5 5. Nc3 c6 6. Bg5 Be7 7. Qc2 Nbd7 8. e3 h6 9. Bh4 0-0 10. Bd3 Re8 11. Nge2 Nf8 12. 0-0 Nh5 13. Bxe7 Qxe7 14. Rae1 Qg5 15. Kh1 Bd7 16. e4 Nf4 17. Nxf4 Qxf4 18. Ne2 Qh4 19. e5 Bg4 20. f4 Ne6 21. Qd2 g6 22. Qe3 1/2-1/2

[Event "Sachsen-Anhalt Landesliga-B 1920"]
[Site "Sachsen Anhalt"]
[Date "2020.01.19"]
[Round "5.1"]
[White "Einbrodt, Bjoern"]
[Black "Mikolajewski, Armin"]
[Result "1/2-1/2"]
[WhiteElo "1845"]
[BlackElo "1889"]
[PlyCount "28"]
[EventDate "2019.09.29"]
[EventType "team-tourn"]
[EventRounds "9"]
[EventCountry "GER"]
[SourceTitle "EXT 2023"]
[Source "ChessBase"]
[SourceDate "2022.10.05"]
[SourceVersion "1"]
[SourceVersionDate "2022.10.05"]
[SourceQuality "1"]
[WhiteTeam "Bad Schmiedeberg"]
[BlackTeam "Naumburg II"]
[WhiteTeamCountry "GER"]
[BlackTeamCountry "GER"]

1. e4 e5 2. Nf3 Nc6 3. Bc4 Nf6 4. Ng5 d5 5. exd5 b5 6. Bf1 Qxd5 7. Nc3 Qc5 8. Bxb5 Bg4 9. f3 Bd7 10. Nge4 Nxe4 11. fxe4 h5 12. d3 0-0-0 13. Qe2 Bg4 14. Qf2 Nd4 1/2-1/2

[Event "RLP Seniors op 17th"]
[Site "Neustadt an der Weinstrasse"]
[Date "2019.07.23"]
[Round "4"]
[White "Mikolajewski, Armin"]
[Black "Schroeder, Klaus"]
[Result "0-1"]
[WhiteElo "2011"]
[BlackElo "1870"]
[PlyCount "71"]
[EventDate "2019.07.20"]
[EventType "swiss"]
[EventRounds "9"]
[EventCountry "GER"]
[SourceTitle "CBM 192 Extra"]
[Source "Chessbase"]
[SourceDate "2019.11.06"]
[SourceVersion "1"]
[SourceVersionDate "2019.11.06"]
[SourceQuality "1"]

1. d4 e6 2. Nf3 f5 3. Bf4 Nf6 4. c4 Bb4+ 5. Bd2 Bxd2+ 6. Nbxd2 0-0 7. e3 Nc6 8. Bd3 d6 9. 0-0 Nb4 10. Bb1 b6 11. a3 Nc6 12. b4 a5 13. b5 Ne7 14. e4 Ng6 15. exf5 exf5 16. d5 Ng4 17. h3 Qf6 18. Ra2 N4e5 19. Re1 Bd7 20. Nxe5 dxe5 21. Nf3 Rae8 22. Ree2 Re7 23. g3 Rfe8 24. h4 h6 25. Qd2 e4 26. Nh2 Ne5 27. Qc1 g5 28. hxg5 hxg5 29. Kg2 Rh7 30. f4 Qh6 31. fxe5 Qxh2+ 32. Kf1 Qxg3 33. Re3 Qg4 34. Rc3 Rh1+ 35. Kf2 Rh2+ 36. Ke3 0-1

[Event "Sachsen-Anhalt Landesliga B 18/19"]
[Site "Sachsen Anhalt"]
[Date "2018.11.25"]
[Round "4.2"]
[White "Mikolajewski, Armin"]
[Black "Friedrich, Kai"]
[Result "1/2-1/2"]
[WhiteElo "2019"]
[BlackElo "1947"]
[PlyCount "61"]
[EventDate "2018.09.23"]
[EventType "team-tourn"]
[EventRounds "9"]
[EventCountry "GER"]
[SourceTitle "EXT 2022"]
[Source "ChessBase"]
[SourceDate "2021.10.06"]
[SourceVersion "1"]
[SourceVersionDate "2021.10.06"]
[SourceQuality "1"]
[WhiteTeam "Naumburg II"]
[BlackTeam "Hettstedt"]
[WhiteTeamCountry "GER"]
[BlackTeamCountry "GER"]

1. d4 d5 2. Nf3 Nf6 3. c4 c6 4. e3 g6 5. Nc3 Bg7 6. Be2 0-0 7. 0-0 Nbd7 8. cxd5 Nxd5 9. Nxd5 cxd5 10. Qb3 Nb6 11. Bd2 Bg4 12. Ba5 Rc8 13. Rac1 Rc6 14. Rxc6 bxc6 15. Rc1 Qd6 16. Qb4 Rc8 17. Ba6 Qxb4 18. Bxb4 Rc7 19. Ba5 Bxf3 20. gxf3 e5 21. dxe5 Bxe5 22. b3 c5 23. Kf1 f5 24. f4 Bf6 25. Ke2 Kf7 26. Kd3 Ke6 27. f3 Rc6 28. Bb5 Rc8 29. Ba6 Rc6 30. Bb5 Rc8 31. Ba6 1/2-1/2

[Event "Kaltern Trophy-A 2nd"]
[Site "Kaltern"]
[Date "2017.10.29"]
[Round "5"]
[White "Seresin, Francesco"]
[Black "Mikolajewski, Armin"]
[Result "1-0"]
[WhiteElo "2195"]
[BlackElo "2038"]
[PlyCount "99"]
[EventDate "2017.10.27"]
[EventType "swiss"]
[EventRounds "5"]
[EventCountry "ITA"]
[SourceTitle "CBM 181 Extra"]
[Source "ChessBase"]
[SourceDate "2017.12.12"]
[SourceVersion "1"]
[SourceVersionDate "2017.12.12"]
[SourceQuality "1"]

1. d4 d5 2. c4 c6 3. cxd5 cxd5 4. Nc3 Nc6 5. e4 e6 6. e5 Nge7 7. Nf3 Ng6 8. a3 Be7 9. Bd3 0-0 10. h4 f5 11. Bg5 Bd7 12. g3 a6 13. Kf1 Na5 14. Qe2 b5 15. Kg2 Nc4 16. b3 Na5 17. Rab1 Rc8 18. Na2 h6 19. Bxe7 Nxe7 20. Qb2 Nec6 21. Rhc1 Qb6 22. Be2 Be8 23. Nb4 Bh5 24. Rc5 Nxb4 25. axb4 Nb7 26. Rxc8 Rxc8 27. Ng1 Bxe2 28. Nxe2 Nd8 29. Qd2 Rc6 30. f3 Nb7 31. Kh3 Qc7 32. Rb2 a5 33. Ra2 Ra6 34. Rc2 Qb6 35. Rc8+ Kh7 36. bxa5 Qxa5 37. Qxa5 Nxa5 38. h5 g5 39. hxg6+ Kxg6 40. Rc7 h5 41. Nf4+ Kh6 42. Re7 Nxb3 43. Nxe6 Nd2 44. f4 Ra8 45. Rf7 Kg6 46. Rf6+ Kh7 47. Ng5+ Kg7 48. Rf7+ Kg8 49. Rb7 Nf1 50. Kh4 1-0

[Event "Kaltern Trophy-A 2nd"]
[Site "Kaltern"]
[Date "2017.10.27"]
[Round "1"]
[White "Paltrinieri, Nicholas"]
[Black "Mikolajewski, Armin"]
[Result "1-0"]
[WhiteElo "2295"]
[BlackElo "2038"]
[PlyCount "65"]
[EventDate "2017.10.27"]
[EventType "swiss"]
[EventRounds "5"]
[EventCountry "ITA"]
[SourceTitle "CBM 181 Extra"]
[Source "ChessBase"]
[SourceDate "2017.12.12"]
[SourceVersion "1"]
[SourceVersionDate "2017.12.12"]
[SourceQuality "1"]

1. d4 d5 2. Bf4 e6 3. e3 Bd6 4. Bg3 Nf6 5. Nd2 Ne4 6. Nxe4 dxe4 7. Qg4 0-0 8. Qxe4 f5 9. Qd3 b6 10. Qb3 a5 11. a4 Qe8 12. Bc4 Bd7 13. Nf3 Nc6 14. Bxd6 cxd6 15. d5 Nd8 16. Qxb6 Nf7 17. dxe6 Bxe6 18. Bxe6 Qxe6 19. 0-0 Rfb8 20. Qd4 Rb4 21. Qd3 Rc8 22. b3 h5 23. Rfd1 h4 24. h3 Qf6 25. c4 Rcb8 26. Rab1 R8b6 27. Nd4 Ne5 28. Qc2 f4 29. exf4 Qxf4 30. Nb5 Qf6 31. Rd5 Qg6 32. Qxg6 Nxg6 33. Rxd6 1-0

[Event "Schleswig Holstein-ch Seniors op 11th"]
[Site "Buesum"]
[Date "2017.09.10"]
[Round "3"]
[White "Mikolajewski, Armin"]
[Black "Kluever, Horst"]
[Result "1-0"]
[WhiteElo "2047"]
[BlackElo "1867"]
[PlyCount "109"]
[EventDate "2017.09.08"]
[EventType "swiss"]
[EventRounds "9"]
[EventCountry "GER"]
[SourceTitle "EXT 2019"]
[Source "ChessBase"]
[SourceDate "2018.10.10"]
[SourceVersion "1"]
[SourceVersionDate "2018.10.10"]
[SourceQuality "1"]

1. d4 d5 2. c4 e6 3. Nf3 Nf6 4. Nc3 c6 5. e3 Be7 6. Qc2 h6 7. Bd3 Nbd7 8. 0-0 dxc4 9. Bxc4 Nb6 10. Bd3 Nbd5 11. a3 Qc7 12. Ne5 Bd6 13. f4 a6 14. e4 Nxc3 15. bxc3 Bxe5 16. fxe5 Nh7 17. Qf2 0-0 18. Qg3 Kh8 19. Be3 Qe7 20. a4 Bd7 21. Bc1 Rg8 22. Ba3 Qe8 23. Qf4 f6 24. exf6 gxf6 25. Qxh6 Qg6 26. Qxg6 Rxg6 27. Bc1 Rag8 28. Rf2 Ng5 29. Bxg5 Rxg5 30. g3 R8g6 31. e5 f5 32. a5 Bc8 33. Rf4 Rh6 34. Rb1 Rg7 35. Rb2 Rd7 36. Bc4 Rg7 37. Rg2 Kh7 38. Bb3 Bd7 39. c4 Bc8 40. Kf2 Rhg6 41. Rh4+ Kg8 42. h3 Rh7 43. Rxh7 Kxh7 44. g4 Rh6 45. Rg3 Rh4 46. Kg2 Kh6 47. d5 exd5 48. cxd5 fxg4 49. e6 Rxh3 50. d6 Kg5 51. d7 Rh8 52. dxc8Q Rxc8 53. Rd3 Kf6 54. Rd7 c5 55. Bc4 1-0

[Event "GER-chT Seniors 25th"]
[Site "Magdeburg"]
[Date "2016.10.11"]
[Round "3.3"]
[White "Mikolajewski, Armin"]
[Black "Dornieden, Manfred"]
[Result "1/2-1/2"]
[WhiteElo "2058"]
[BlackElo "2209"]
[PlyCount "40"]
[EventDate "2016.10.09"]
[EventType "team-swiss"]
[EventRounds "7"]
[EventCountry "GER"]
[SourceTitle "EXT 2019"]
[Source "ChessBase"]
[SourceDate "2018.10.10"]
[SourceVersion "1"]
[SourceVersionDate "2018.10.10"]
[SourceQuality "1"]
[WhiteTeam "Sachsen Anhalt II"]
[BlackTeam "Niedersachsen"]
[WhiteTeamCountry "GER"]
[BlackTeamCountry "GER"]

1. d4 g6 2. c4 Bg7 3. Nc3 d6 4. Nf3 Nf6 5. e4 0-0 6. Be2 c6 7. 0-0 Qc7 8. Qc2 e5 9. dxe5 dxe5 10. Rd1 Bg4 11. Be3 Nbd7 12. Rd2 Rfd8 13. Rad1 b6 14. h3 Bxf3 15. Bxf3 Nf8 16. Rxd8 Rxd8 17. Rxd8 Qxd8 18. b4 Ne6 19. Qd2 Qxd2 20. Bxd2 Nd4 1/2-1/2

[Event "GER-chT Seniors 25th"]
[Site "Magdeburg"]
[Date "2016.10.10"]
[Round "2.3"]
[White "Krueger, Gerhard"]
[Black "Mikolajewski, Armin"]
[Result "1/2-1/2"]
[WhiteElo "1977"]
[BlackElo "2058"]
[PlyCount "153"]
[EventDate "2016.10.09"]
[EventType "team-swiss"]
[EventRounds "7"]
[EventCountry "GER"]
[SourceTitle "EXT 2019"]
[Source "ChessBase"]
[SourceDate "2018.10.10"]
[SourceVersion "1"]
[SourceVersionDate "2018.10.10"]
[SourceQuality "1"]
[WhiteTeam "Mecklenburg Vorpommern II"]
[BlackTeam "Sachsen Anhalt II"]
[WhiteTeamCountry "GER"]
[BlackTeamCountry "GER"]

1. e4 e5 2. Nf3 Nc6 3. d4 exd4 4. Bc4 Nf6 5. 0-0 d6 6. Nxd4 Be7 7. Nc3 0-0 8. Re1 Ne5 9. Be2 a6 10. a4 c5 11. Nb3 Be6 12. f3 Rb8 13. Nd5 Nxd5 14. exd5 Bc8 15. c4 Bf6 16. Qc2 Re8 17. Nd2 Ng6 18. Ne4 Bd4+ 19. Kh1 f5 20. Bg5 Qd7 21. Ng3 h6 22. Bd3 Rf8 23. Bd2 Qf7 24. Bc3 Bxc3 25. Qxc3 Bd7 26. Re2 Nf4 27. Ree1 h5 28. Bc2 h4 29. Ne2 Ng6 30. h3 Rbe8 31. Qd2 Qf6 32. Nc3 Ne5 33. b3 Ng6 34. Rxe8 Rxe8 35. Re1 Rxe1+ 36. Qxe1 Qg5 37. Qd1 Nf4 38. Qd2 Nxh3 39. Qxg5 Nxg5 40. Ne2 h3 41. Nf4 hxg2+ 42. Kxg2 Kf7 43. Kg3 g6 44. Nd3 Kf6 45. b4 cxb4 46. Nxb4 Nf7 47. f4 a5 48. Nd3 b6 49. Ne1 Nd8 50. Kf3 Nb7 51. Nd3 Be8 52. Kg3 g5 53. Bd1 Nd8 54. Nf2 Nf7 55. Nd3 gxf4+ 56. Kxf4 Ne5 57. Nb2 Ng6+ 58. Ke3 Kg5 59. Bf3 Bd7 60. Bd1 Ne5 61. Be2 f4+ 62. Kf2 Bf5 63. Nd1 Bg4 64. Nc3 Bxe2 65. Kxe2 Kg4 66. Ne4 f3+ 67. Kf2 Nxc4 68. Nc3 Nb2 69. Ne4 Nd3+ 70. Ke3 f2 71. Ke2 Nf4+ 72. Kxf2 Nxd5 73. Nxd6 Nc3 74. Ke3 Nxa4 75. Kd4 Nc5 76. Kc4 Kf4 77. Kb5 1/2-1/2

[Event "WchT Seniors 50"]
[Site "Radebeul"]
[Date "2016.07.02"]
[Round "7.12"]
[White "Findlay, David John"]
[Black "Mikolajewski, Armin"]
[Result "1/2-1/2"]
[WhiteElo "2132"]
[BlackElo "2076"]
[PlyCount "61"]
[EventDate "2016.06.26"]
[EventType "team-swiss"]
[EventRounds "9"]
[EventCountry "GER"]
[SourceTitle "CBM 173 Extra"]
[Source "ChessBase"]
[SourceDate "2016.08.29"]
[SourceVersion "1"]
[SourceVersionDate "2016.08.29"]
[SourceQuality "1"]
[WhiteTeam "Scotland"]
[BlackTeam "Sachsen Anhalt"]
[WhiteTeamCountry "SCO"]
[BlackTeamCountry "GER"]

1. e4 e5 2. Nc3 Nf6 3. g3 d5 4. exd5 Nxd5 5. Bg2 Nxc3 6. bxc3 Bd6 7. Nf3 0-0 8. 0-0 Nc6 9. d4 Bg4 10. Qd3 h6 11. Re1 Qf6 12. Bb2 Rfe8 13. Nd2 Bf5 14. Ne4 Qg6 15. Qb5 Rab8 16. d5 a6 17. Qa4 Ne7 18. c4 b5 19. cxb5 axb5 20. Qb3 Bxe4 21. Rxe4 c5 22. Bxe5 c4 23. Qf3 Bxe5 24. Rxe5 f6 25. Re4 Rbd8 26. Rae1 Nc8 27. Rxe8+ Rxe8 28. Rxe8+ Qxe8 29. Qe4 Qxe4 30. Bxe4 Nd6 31. Bg6 1/2-1/2

[Event "WchT Seniors 50"]
[Site "Radebeul"]
[Date "2016.06.26"]
[Round "1.3"]
[White "Mikolajewski, Armin"]
[Black "Fuchs, Joachim"]
[Result "1-0"]
[WhiteElo "2076"]
[BlackElo "1819"]
[PlyCount "95"]
[EventDate "2016.06.26"]
[EventType "team-swiss"]
[EventRounds "9"]
[EventCountry "GER"]
[SourceTitle "CBM 173 Extra"]
[Source "ChessBase"]
[SourceDate "2016.08.29"]
[SourceVersion "1"]
[SourceVersionDate "2016.08.29"]
[SourceQuality "1"]
[WhiteTeam "Sachsen Anhalt"]
[BlackTeam "Markkleeberg"]
[WhiteTeamCountry "GER"]
[BlackTeamCountry "GER"]

1. d4 d6 2. c4 e5 3. d5 Nf6 4. Nc3 Be7 5. e4 0-0 6. Bd3 c6 7. Nge2 cxd5 8. cxd5 a6 9. 0-0 Bg4 10. Be3 Nbd7 11. f3 Bh5 12. Qd2 b5 13. g4 Bg6 14. Ng3 Ne8 15. Nce2 Nc5 16. Bc2 Rc8 17. Rfc1 Bh4 18. Bd1 h6 19. b4 Nd7 20. Rxc8 Qxc8 21. Rc1 Qd8 22. Rc6 Nb8 23. Rc3 Bg5 24. Kg2 Bxe3 25. Qxe3 Nf6 26. Qc1 Nfd7 27. Bb3 Kh7 28. h3 Nb6 29. Qe3 N6d7 30. Qa7 f6 31. Rc7 Qe7 32. h4 Rd8 33. h5 Be8 34. Nf5 Qf8 35. a4 g6 36. hxg6+ Bxg6 37. Neg3 Bxf5 38. Nxf5 Kh8 39. axb5 axb5 40. Qb7 h5 41. Qxb5 hxg4 42. fxg4 Qg8 43. Bd1 Qg5 44. Nxd6 Qd2+ 45. Qe2 Qxe2+ 46. Bxe2 Kg7 47. Bb5 Kg6 48. Nb7 1-0

[Event "Sachsen-Anhalt-ch Seniors 23rd"]
[Site "Halberstadt"]
[Date "2015.06.02"]
[Round "3"]
[White "Mikolajewski, Armin"]
[Black "Breitfeld, Joachim"]
[Result "1-0"]
[WhiteElo "1954"]
[BlackElo "1861"]
[PlyCount "107"]
[EventDate "2015.05.31"]
[EventType "swiss"]
[EventRounds "7"]
[EventCountry "GER"]
[SourceTitle "EXT 2018"]
[Source "ChessBase"]
[SourceDate "2017.10.13"]
[SourceVersion "1"]
[SourceVersionDate "2017.10.13"]
[SourceQuality "1"]

1. d4 Nf6 2. c4 e6 3. Nf3 Bb4+ 4. Bd2 Bxd2+ 5. Nbxd2 d5 6. e3 0-0 7. Rc1 c6 8. Bd3 Nbd7 9. 0-0 Re8 10. Ne5 Nf8 11. c5 N6d7 12. f4 f6 13. Nxd7 Bxd7 14. Nf3 Re7 15. Qc2 Be8 16. g4 Bg6 17. Rce1 Qe8 18. h4 Bxd3 19. Qxd3 Qg6 20. Qxg6 hxg6 21. e4 dxe4 22. Rxe4 Rd7 23. Re3 Rad8 24. Ra3 a6 25. Rb3 Rc7 26. Re1 Rd5 27. Kf2 Kf7 28. Rbe3 Rcd7 29. a4 a5 30. Rb1 Rc7 31. b4 axb4 32. Rxb4 Nd7 33. Reb3 e5 34. fxe5 fxe5 35. Rxb7 Rxb7 36. Rxb7 Kf6 37. dxe5+ Nxe5 38. Nxe5 Rxe5 39. a5 Rxc5 40. a6 g5 41. a7 Ra5 42. h5 Ra3 43. Ke2 c5 44. Kd2 c4 45. Kc2 c3 46. Rc7 Ra1 47. Rb7 Ra3 48. Rd7 Ke5 49. Rxg7 Kd4 50. Rc7 Ra2+ 51. Kb1 Ra6 52. h6 Kd3 53. Rd7+ Kc4 54. h7 1-0

[Event "Sachsen-Anhalt-ch Seniors 23rd"]
[Site "Halberstadt"]
[Date "2015.05.31"]
[Round "1"]
[White "Mikolajewski, Armin"]
[Black "Fleischer, Martin"]
[Result "1-0"]
[WhiteElo "1954"]
[BlackElo "1680"]
[PlyCount "68"]
[EventDate "2015.05.31"]
[EventType "swiss"]
[EventRounds "7"]
[EventCountry "GER"]
[SourceTitle "EXT 2018"]
[Source "ChessBase"]
[SourceDate "2017.10.13"]
[SourceVersion "1"]
[SourceVersionDate "2017.10.13"]
[SourceQuality "1"]

1. d4 e6 2. c4 d5 3. Nf3 dxc4 4. e3 a6 5. Bxc4 b5 6. Be2 Bb7 7. 0-0 Nd7 8. Bd2 c5 9. dxc5 Nxc5 10. Bc3 Ne4 11. Qxd8+ Rxd8 12. Ba5 Rc8 13. Nbd2 Nxd2 14. Nxd2 Ne7 15. a4 Bc6 16. Rfc1 g6 17. axb5 axb5 18. Bc3 Rg8 19. Bd4 Bg7 20. Nb3 e5 21. Bc5 e4 22. Nd4 Bxd4 23. Bxd4 Kd7 24. Bf6 Rge8 25. Bxe7 Rxe7 26. Ra7+ Rc7 27. Rxc7+ Kxc7 28. Bxb5 Re6 29. Bc4 Rf6 30. h3 Kb6 31. Rc3 g5 32. Ra3 h6 33. Ra6+ Kc5 34. b3 Rf5 1-0

[Event "GER-chT Seniors 23rd"]
[Site "Bergen"]
[Date "2014.09.05"]
[Round "6.2"]
[White "Jung, Werner"]
[Black "Mikolajewski, Armin"]
[Result "1/2-1/2"]
[WhiteElo "2094"]
[BlackElo "2052"]
[PlyCount "88"]
[EventDate "2014.09.01"]
[EventType "team-swiss"]
[EventRounds "7"]
[EventCountry "GER"]
[SourceTitle "EXT 2018"]
[Source "ChessBase"]
[SourceDate "2017.10.13"]
[SourceVersion "1"]
[SourceVersionDate "2017.10.13"]
[SourceQuality "1"]

1. e4 e5 2. Nf3 Nc6 3. Bc4 Nf6 4. Ng5 d5 5. exd5 b5 6. Bxb5 Qxd5 7. Bxc6+ Qxc6 8. Qf3 Bb7 9. Qxc6+ Bxc6 10. 0-0 h6 11. Nf3 Bxf3 12. gxf3 Nd5 13. Re1 f6 14. d4 Nb4 15. Na3 0-0-0 16. dxe5 fxe5 17. Be3 Kb7 18. Re2 Be7 19. Nc4 Nc6 20. c3 Bf6 21. f4 exf4 22. Bxf4 Rhf8 23. Bg3 h5 24. Rae1 Rd5 25. Be5 Bh4 26. Bg3 Bf6 27. Re4 Rh8 28. R1e2 h4 29. Be5 h3 30. Bg3 Rhd8 31. f3 R8d7 32. Kf2 Be7 33. Ne5 Nxe5 34. Bxe5 Bc5+ 35. Kg3 Rd3 36. Kg4 Rf7 37. Rf4 Re7 38. Kxh3 Bd6 39. Rfe4 Bxe5 40. Rxe5 Rxe5 41. Rxe5 Rxf3+ 42. Kg4 Rf2 43. Rb5+ Kc6 44. a4 Rxh2 1/2-1/2

[Event "GER-chT Seniors 23rd"]
[Site "Bergen"]
[Date "2014.09.01"]
[Round "1.2"]
[White "Mikolajewski, Armin"]
[Black "Ljubarskij, Jurij"]
[Result "1/2-1/2"]
[WhiteElo "2052"]
[BlackElo "2258"]
[PlyCount "141"]
[EventDate "2014.09.01"]
[EventType "team-swiss"]
[EventRounds "7"]
[EventCountry "GER"]
[SourceTitle "EXT 2018"]
[Source "ChessBase"]
[SourceDate "2017.10.13"]
[SourceVersion "1"]
[SourceVersionDate "2017.10.13"]
[SourceQuality "1"]

1. d4 Nf6 2. c4 e6 3. Nf3 d5 4. Nc3 c6 5. e3 Nbd7 6. Bd3 dxc4 7. Bxc4 b5 8. Bd3 a6 9. e4 c5 10. d5 Nb6 11. 0-0 exd5 12. Nxd5 Nbxd5 13. exd5 Qxd5 14. Re1+ Be7 15. Bg5 Be6 16. Bxf6 gxf6 17. Qe2 Rd8 18. Be4 Qh5 19. Bb7 Rd6 20. Bxa6 c4 21. Bc8 0-0 22. Bxe6 Rxe6 23. Qc2 Bd6 24. Rxe6 fxe6 25. Qe4 Qd5 26. Qxd5 exd5 27. Rd1 Rd8 28. g3 Be5 29. Nd4 Kf7 30. Kf1 Bxd4 31. Rxd4 Ke6 32. Rh4 Rd7 33. a3 d4 34. Re4+ Kd5 35. Rf4 Ke5 36. Ke2 c3 37. Kd3 Rc7 38. Re4+ Kf5 39. g4+ Kg5 40. bxc3 Rxc3+ 41. Kxd4 Rxa3 42. Re7 Rh3 43. Ke4 Rxh2 44. f4+ Kg6 45. Rb7 Re2+ 46. Kf3 Rb2 47. Rb6 h6 48. Kg3 Rb1 49. Rb7 Rg1+ 50. Kh4 Rh1+ 51. Kg3 h5 52. f5+ Kh6 53. gxh5 Rxh5 54. Rxb5 Kg5 55. Rb4 Rh1 56. Rg4+ Kxf5 57. Rf4+ Ke5 58. Ra4 f5 59. Ra5+ Kf6 60. Ra6+ Kg5 61. Ra5 Rb1 62. Ra3 Rb4 63. Rc3 Rg4+ 64. Kf3 Rh4 65. Kg3 f4+ 66. Kg2 Kg4 67. Rc8 f3+ 68. Kf1 Rh1+ 69. Kf2 Rh2+ 70. Kf1 Rh5 71. Kf2 1/2-1/2

[Event "Sachsen-Anhalt-ch Seniors 20th"]
[Site "Naumburg"]
[Date "2012.06.08"]
[Round "6"]
[White "Mikolajewski, Armin"]
[Black "Reimann, Guenther"]
[Result "1-0"]
[WhiteElo "1938"]
[BlackElo "1779"]
[PlyCount "111"]
[EventDate "2012.06.03"]
[EventType "swiss"]
[EventRounds "7"]
[EventCountry "GER"]
[SourceTitle "EXT 2013"]
[Source "ChessBase"]
[SourceDate "2012.11.22"]
[SourceVersion "1"]
[SourceVersionDate "2012.11.22"]
[SourceQuality "1"]

1. d4 e6 2. c4 f5 3. Bf4 Nf6 4. f3 c6 5. Nh3 Be7 6. e3 0-0 7. Bd3 d6 8. Nc3 Nh5 9. Bg3 Bh4 10. Bf2 Bxf2+ 11. Nxf2 Nf6 12. Qc2 Na6 13. a3 Nc7 14. 0-0-0 Bd7 15. e4 Nh5 16. Nh3 Qh4 17. Ne2 d5 18. e5 dxc4 19. Bxc4 Nd5 20. Qd2 f4 21. Bxd5 exd5 22. g4 Qxh3 23. gxh5 Qxh5 24. Rdf1 Qf5 25. Rhg1 Be8 26. Rf2 Bg6 27. Nc3 Rf7 28. Rfg2 a5 29. Rg5 Qh3 30. Qg2 Qxg2 31. R1xg2 b5 32. Nd1 Rf5 33. Rxf5 Bxf5 34. Nc3 Kf7 35. Ne2 b4 36. Nxf4 bxa3 37. bxa3 Rb8 38. Rb2 Rxb2 39. Kxb2 g5 40. Ne2 h5 41. Kc3 Bh3 42. Kb3 Bg2 43. Ng1 Ke6 44. Ka4 c5 45. dxc5 d4 46. c6 d3 47. Kb3 Ke7 48. Kc3 Bf1 49. f4 gxf4 50. Nf3 d2 51. Kxd2 Ke6 52. Ke1 Ba6 53. Kd2 Kd5 54. Kc3 Bc8 55. c7 Ke4 56. e6 1-0